| 000 | 00866nam a2200289 i 4500 | ||
|---|---|---|---|
| 003 | EG-GICUC | ||
| 005 | 20260206210356.0 | ||
| 008 | 260206s1951 fr ||||fr ||| 00| 0 fre d | ||
| 040 |
_aEG-GICUC _cEG-GICUC _dEG-GICUC _erda _bfre |
||
| 041 | 0 | _afre | |
| 082 | 0 | 4 |
_221 _a341.9 _bSI . V |
| 092 | 0 | 4 | _221 |
| 099 | _aLaw1 12 341.9 SI . V 1951 | ||
| 100 | 1 |
_aSiegfried,André _eAuteur |
|
| 245 |
_aVoyage Aux Indes / _cAndré Siegfried . |
||
| 264 | 0 |
_aParis : _bLibrairie Armand Colin , _c1951 . |
|
| 300 |
_a160 Pages; _c30 cm. |
||
| 336 |
_atext _2rda content |
||
| 337 |
_aComputer _2rda media |
||
| 338 |
_aOnline Resource _2rda carrier |
||
| 546 | _aTexte en français | ||
| 650 | 0 | 4 | _aDroit International Privé |
| 650 | 0 | 4 | _aTraitement Historique |
| 856 | _uhttps://fll.law.cu.edu.eg/fulltext/th/B12-02652.pdf | ||
| 905 | _a59 | ||
| 942 |
_2ddc _cBK _e21 _n0 |
||
| 999 |
_c61422 _d61422 |
||